Statistics for Geography Questions #9: South America

Click here to take the quiz!

General Stats

  • This quiz has been taken 73 times
  • The average score is 11 of 13

Answer Stats

CountryCapital% Correct
PeruLima
99%
BrazilBrasilia
97%
ArgentinaBuenos Aires
97%
ColombiaBogota
97%
UruguayMontevideo
94%
VenezuelaCaracas
94%
ChileSantiago
94%
BoliviaLa Paz
92%
ParaguayAsuncion
87%
EcuadorQuito
87%
GuyanaGeorgetown
76%
SurinameParamaribo
61%
French GuianaCayenne
38%

Score Distribution

Percentile by Number Answered

Percent of People with Each Score

Your Score History

You have not taken this quiz